000 00560nam a2200217Ia 4500
003 OSt
005 20220928144704.0
006 a|||||r|||| 00| 0
007 ta
008 220927b |||||||| |||| 00| 0 eng d
024 _a73117
037 _cTextual
040 _aSDCL
_cSDCL
_beng
041 _2eng
_aeng
082 _aX.2'N7, L4
100 _aDastur Dinshaw J
_9509154
245 0 _aThis or else
_b A master plan for India's survival.
260 _c1974
942 _hX.2'N7, L4
_cTEXL
_2CC
999 _c829023
_d829023